[Event "Sautron op 19th"]
[Site "Sautron"]
[Date "2019.10.19"]
[Round "2.14"]
[White "David, Irene"]
[Black "Entem, Alan"]
[Result "0-1"]
[WhiteElo "1796"]
[BlackElo "2151"]
[PlyCount "38"]
[EventDate "2019.12.10"]
[EventType "swiss"]
[EventRounds "9"]
[EventCountry "FRA"]
[SourceTitle "EXT 2022"]
[Source "ChessBase"]
[SourceDate "2021.10.06"]
[SourceVersion "1"]
[SourceVersionDate "2021.10.06"]
[SourceQuality "1"]

1. d4 g6 2. Nf3 Bg7 3. e4 c5 4. c3 cxd4 5. Nxd4 Nc6 6. Be3 Nf6 7. f3 0-0 8. Nd2 d5 9. Bd3 e5 10. Ne2 d4 11. cxd4 exd4 12. Bf2 Be6 13. Nb3 Bxb3 14. Qxb3 Qa5+ 15. Kf1 Rfd8 16. Rd1 Nd7 17. Be1 Qc7 18. Kf2 Nc5 19. Qc2 Ne5 0-1

[Event "Avoine op 33rd"]
[Site "Avoine"]
[Date "2018.07.23"]
[Round "3"]
[White "Ronce, Nathan"]
[Black "David, Irene"]
[Result "1-0"]
[WhiteElo "2198"]
[BlackElo "1579"]
[PlyCount "87"]
[EventDate "2018.07.21"]
[EventType "swiss"]
[EventRounds "9"]
[EventCountry "FRA"]
[SourceTitle "CBM 185 Extra"]
[Source "ChessBase"]
[SourceDate "2018.07.29"]
[SourceVersion "1"]
[SourceVersionDate "2018.07.29"]
[SourceQuality "1"]

1. d4 d5 2. Bf4 Nf6 3. e3 c5 4. c3 Qb6 5. Qb3 c4 6. Qc2 g6 7. Nd2 Bf5 8. Qc1 Nbd7 9. h3 h5 10. Ngf3 Bg7 11. Be2 0-0 12. Ne5 Nxe5 13. Bxe5 Ne4 14. Bxg7 Kxg7 15. Nf3 Qd6 16. 0-0 b5 17. Nd2 Rfc8 18. Re1 b4 19. Bf3 Nxd2 20. Qxd2 bxc3 21. bxc3 Rab8 22. e4 Bxe4 23. Bxe4 dxe4 24. Rxe4 Qa3 25. Re2 Rb7 26. Rae1 Rcb8 27. d5 Qc5 28. Qg5 Rb2 29. Qe5+ Kg8 30. Qxe7 Qxd5 31. Qxa7 Rxe2 32. Qxb8+ Kg7 33. Rxe2 Qd1+ 34. Kh2 Qxe2 35. a4 Qd2 36. Qe5+ Kg8 37. a5 Qxf2 38. Qb8+ Kg7 39. a6 f5 40. a7 f4 41. Qe5+ Kh6 42. a8Q Qg3+ 43. Kg1 f3 44. Qah8# 1-0

[Event "Sautron op qual 17th"]
[Site "Sautron"]
[Date "2017.09.01"]
[Round "1.4"]
[White "Delorme, Alban"]
[Black "David, Irene"]
[Result "1-0"]
[WhiteElo "2293"]
[BlackElo "1675"]
[PlyCount "43"]
[EventDate "2017.10.22"]
[EventType "swiss"]
[EventRounds "9"]
[EventCountry "FRA"]
[SourceTitle "EXT 2020"]
[Source "ChessBase"]
[SourceDate "2019.10.17"]
[SourceVersion "1"]
[SourceVersionDate "2019.10.17"]
[SourceQuality "1"]

1. c4 e5 2. Nc3 Nc6 3. g3 g6 4. Bg2 Bg7 5. e3 f5 6. Nge2 Nf6 7. Nd5 d6 8. 0-0 0-0 9. d4 Ne4 10. b4 a5 11. b5 Ne7 12. dxe5 Bxe5 13. Rb1 Be6 14. Bb2 c6 15. bxc6 bxc6 16. Nef4 Bf7 17. Bxe4 cxd5 18. Bxd5 Nxd5 19. Nxd5 Rb8 20. Bxe5 dxe5 21. Rxb8 Qxb8 22. Nf6+ 1-0

[Event "FRA-ch U14 Girls"]
[Site "Belfort"]
[Date "2017.04.16"]
[Round "3.4"]
[White "Tomasi, Elise"]
[Black "David, Irene"]
[Result "1/2-1/2"]
[WhiteElo "1761"]
[BlackElo "1545"]
[PlyCount "70"]
[EventDate "2017.04.16"]
[EventType "swiss"]
[EventRounds "9"]
[EventCountry "FRA"]
[SourceTitle "EXT 2019"]
[Source "ChessBase"]
[SourceDate "2018.10.10"]
[SourceVersion "1"]
[SourceVersionDate "2018.10.10"]
[SourceQuality "1"]

1. d4 d5 2. Nf3 Nc6 3. c4 e5 4. cxd5 Qxd5 5. dxe5 Qxd1+ 6. Kxd1 Bg4 7. b3 0-0-0+ 8. Nbd2 Bc5 9. Ke1 Nb4 10. Kd1 Bxf2 11. a3 Nc6 12. Bb2 Be3 13. Ke1 Nge7 14. Rd1 Ng6 15. g3 Bxf3 16. exf3 Ngxe5 17. Be2 Rhe8 18. Bxe5 Nxe5 19. Ne4 f5 20. Nf2 Bc5 21. Kf1 Rxd1+ 22. Nxd1 Bxa3 23. f4 Ng4 24. Bd3 g6 25. h3 Ne3+ 26. Kf2 Bc5 27. Kf3 Nxd1 28. Rxd1 Re3+ 29. Kg2 c6 30. Rd2 Bb4 31. Rd1 b5 32. g4 fxg4 33. hxg4 Bd6 34. Bxg6 Bxf4 35. Bxh7 a6 1/2-1/2

[Event "FRA-ch U14 Girls"]
[Site "Gonfreville"]
[Date "2016.04.11"]
[Round "2.3"]
[White "Grall, Alba"]
[Black "David, Irene"]
[Result "1-0"]
[WhiteElo "1752"]
[BlackElo "1464"]
[PlyCount "95"]
[EventDate "2016.04.22"]
[EventType "swiss"]
[EventRounds "9"]
[EventCountry "FRA"]
[SourceTitle "EXT 2019"]
[Source "ChessBase"]
[SourceDate "2018.10.10"]
[SourceVersion "1"]
[SourceVersionDate "2018.10.10"]
[SourceQuality "1"]

1. e4 Nc6 2. Nf3 d5 3. exd5 Qxd5 4. Nc3 Qa5 5. Bb5 Bd7 6. 0-0 a6 7. Bxc6 Bxc6 8. d4 Nf6 9. Re1 Qh5 10. Ne5 Qxd1 11. Rxd1 e6 12. Nxc6 bxc6 13. Bf4 Bd6 14. Be5 Bxe5 15. dxe5 Nd5 16. Ne4 Ke7 17. a3 Rhd8 18. g3 Rab8 19. b3 a5 20. Rd3 h6 21. Rad1 Nb6 22. Nc5 Rd5 23. Rxd5 cxd5 24. Rd4 Nd7 25. Nxd7 Kxd7 26. Kf1 c5 27. Rf4 Ke7 28. Ke2 f6 29. exf6+ gxf6 30. Ra4 Rb5 31. Rh4 Kd6 32. Rxh6 f5 33. Rh4 Ke5 34. Ra4 d4 35. f4+ Kd5 36. Kd3 e5 37. fxe5 Kxe5 38. Kc4 Rb8 39. Rxa5 Rh8 40. Rxc5+ Ke4 41. Rc7 Rxh2 42. Re7+ Kf3 43. Re5 Rxc2+ 44. Kxd4 Kxg3 45. Rxf5 Kg4 46. Rc5 Ra2 47. a4 Ra3 48. Kc4 1-0